LEADER 01092nam 22003853 450 001 9910741391503321 005 20241028084506.0 010 $a605-07-1410-X 035 $a(CKB)27901477900041 035 $a(MiAaPQ)EBC31164322 035 $a(Au-PeEL)EBL31164322 035 $a(OCoLC)1463768008 035 $a(EXLCZ)9927901477900041 100 $a20241028d2021 uy 0 101 0 $aeng 135 $aurcnu|||||||| 181 $ctxt$2rdacontent 182 $cc$2rdamedia 183 $acr$2rdacarrier 200 10$aGlobal Studies on Management Information Systems 205 $a1st ed. 210 1$aIstanbul, Turkiye :$cIstanbul University Press,$d2021. 210 4$dİ2021. 215 $a1 online resource (368 pages) 700 $aKartal$b Elif$01766960 701 $aAkadal$b Emre$01766717 701 $aOvenc$b Gokhan$01766961 701 $aTabar$b Saeed$01766962 801 0$bMiAaPQ 801 1$bMiAaPQ 801 2$bMiAaPQ 906 $aBOOK 912 $a9910741391503321 996 $aGlobal Studies on Management Information Systems$94211761 997 $aUNINA